[Event "RN-2011-0-00430"]
[Site "LSS email"]
[Date "2011.12.17"]
[Round "?"]
[White "Venturas, Bob"]
[Black "Allwardt, David Lawrence"]
[Result "1-0"]
[WhiteElo "758"]
[BlackElo "636"]
[PlyCount "23"]
[EventDate "2011.12.03"]
[EventType "tourn (corr)"]
[EventRounds "6"]
[EventCountry "GER"]
[SourceTitle "Corr 2015"]
[Source "ChessBase"]
[SourceDate "2015.07.17"]
[SourceVersion "1"]
[SourceVersionDate "2015.07.17"]
[SourceQuality "1"]

1. d4 Nf6 2. Nc3 d5 3. Nf3 e6 4. a3 Nc6 5. Bf4 Bd6 6. Qd2 0-0 7. Bxd6 cxd6 8. e3 e5 9. dxe5 dxe5 10. Bb5 Bg4 11. Be2 e4 12. Nd4 1-0

[Event "LSS RF-2011-0-00099"]
[Site "LSS email"]
[Date "2011.12.16"]
[Round "?"]
[White "Allwardt, David Lawrence"]
[Black "Lauer, Fredric"]
[Result "0-1"]
[WhiteElo "636"]
[BlackElo "1032"]
[PlyCount "24"]
[EventDate "2011.11.05"]
[EventType "tourn (corr)"]
[EventRounds "6"]
[EventCountry "GER"]
[SourceTitle "Corr 2015"]
[Source "ChessBase"]
[SourceDate "2015.07.17"]
[SourceVersion "1"]
[SourceVersionDate "2015.07.17"]
[SourceQuality "1"]

1. e4 c5 2. Nf3 Nf6 3. e5 Nd5 4. Nc3 e6 5. Nxd5 exd5 6. Bb5 a6 7. Be2 d6 8. d4 Nc6 9. Bg5 Be7 10. Bxe7 Qxe7 11. dxc5 dxe5 12. Qxd5 Be6 0-1

[Event "SN-2011-0-00404"]
[Site "LSS email"]
[Date "2011.12.08"]
[Round "?"]
[White "Allwardt, David Lawrence"]
[Black "Mori, Roberto"]
[Result "0-1"]
[WhiteElo "636"]
[BlackElo "684"]
[PlyCount "22"]
[EventDate "2011.11.11"]
[EventType "tourn (corr)"]
[EventRounds "6"]
[EventCountry "GER"]
[SourceTitle "Corr 2015"]
[Source "ChessBase"]
[SourceDate "2015.07.17"]
[SourceVersion "1"]
[SourceVersionDate "2015.07.17"]
[SourceQuality "1"]

1. e4 e5 2. Nf3 Nc6 3. Bc4 Nf6 4. d3 Bc5 5. c3 Ng4 6. 0-0 0-0 7. h3 Nh6 8. d4 exd4 9. cxd4 Bb4 10. Bg5 Be7 11. Bxe7 Qxe7 0-1

[Event "ZN-2011-0-01784"]
[Site "LSS email"]
[Date "2011.11.30"]
[Round "?"]
[White "Allwardt, David Lawrence"]
[Black "Newton, Daryl"]
[Result "0-1"]
[WhiteElo "636"]
[BlackElo "602"]
[PlyCount "34"]
[EventDate "2011.11.26"]
[EventType "match (corr)"]
[EventRounds "2"]
[EventCountry "GER"]
[SourceTitle "Corr 2015"]
[Source "ChessBase"]
[SourceDate "2015.07.17"]
[SourceVersion "1"]
[SourceVersionDate "2015.07.17"]
[SourceQuality "1"]

1. e4 e5 2. Nf3 d6 3. d4 Nc6 4. Bb5 Bd7 5. Nc3 Nf6 6. 0-0 Nh5 7. Bxc6 Bxc6 8. d5 Bd7 9. Ng5 Nf4 10. Bxf4 exf4 11. Nxf7 Kxf7 12. Qf3 Qg5 13. Ne2 Re8 14. Nxf4 Be7 15. Ne6+ Qf6 16. Qxf6+ Bxf6 17. Nxc7 Rxe4 0-1

[Event "ZN-2011-0-01784"]
[Site "LSS email"]
[Date "2011.11.30"]
[Round "?"]
[White "Newton, Daryl"]
[Black "Allwardt, David Lawrence"]
[Result "1-0"]
[WhiteElo "602"]
[BlackElo "636"]
[PlyCount "49"]
[EventDate "2011.11.26"]
[EventType "match (corr)"]
[EventRounds "2"]
[EventCountry "GER"]
[SourceTitle "Telechess CBM 157"]
[Source "ChessBase"]
[SourceDate "2013.11.12"]
[SourceVersion "1"]
[SourceVersionDate "2013.11.12"]
[SourceQuality "1"]

1. e4 c5 2. Nf3 d6 3. Bc4 Nf6 4. c3 e6 5. d4 cxd4 6. cxd4 d5 7. exd5 Bb4+ 8. Bd2 exd5 9. Bd3 Qe7+ 10. Kf1 0-0 11. a3 Bxd2 12. Qxd2 Nc6 13. b4 Bg4 14. Be2 Ne4 15. Qf4 Bxf3 16. Bxf3 f5 17. Ra2 Nxd4 18. Nd2 Nxd2+ 19. Rxd2 Ne6 20. Bxd5 a6 21. Re2 Rf6 22. Qd2 Re8 23. h4 b5 24. Qe3 Qd6 25. Bb3 1-0

[Event "SN-2011-0-00402"]
[Site "LSS email"]
[Date "2011.11.20"]
[Round "?"]
[White "Allwardt, David Lawrence"]
[Black "Lombardi, Donato"]
[Result "0-1"]
[WhiteElo "636"]
[BlackElo "851"]
[PlyCount "34"]
[EventDate "2011.11.07"]
[EventType "tourn (corr)"]
[EventRounds "6"]
[EventCountry "GER"]
[SourceTitle "Corr 2015"]
[Source "ChessBase"]
[SourceDate "2015.07.17"]
[SourceVersion "1"]
[SourceVersionDate "2015.07.17"]
[SourceQuality "1"]

1. e4 e6 2. d4 d5 3. Nc3 Nf6 4. Bg5 Be7 5. e5 Nfd7 6. Bxe7 Qxe7 7. Nf3 0-0 8. Bd3 a6 9. 0-0 c5 10. dxc5 Nc6 11. Qe2 Ncxe5 12. Nxe5 Nxe5 13. Qxe5 Qxc5 14. Qh5 g6 15. Qh6 e5 16. Qe3 d4 17. Ne4 dxe3 0-1

[Event "LSS RF-2010-0-00059"]
[Site "LSS email"]
[Date "2010.10.22"]
[Round "?"]
[White "Allwardt, David Lawrence"]
[Black "Ausan, Leo Tito Jr"]
[Result "0-1"]
[WhiteElo "808"]
[BlackElo "1138"]
[PlyCount "22"]
[EventDate "2010.08.24"]
[EventType "tourn (corr)"]
[EventRounds "6"]
[EventCountry "GER"]
[SourceTitle "Corr 2015"]
[Source "ChessBase"]
[SourceDate "2015.07.17"]
[SourceVersion "1"]
[SourceVersionDate "2015.07.17"]
[SourceQuality "1"]

1. e4 c5 2. Nf3 e6 3. Nc3 a6 4. Be2 Nc6 5. d4 cxd4 6. Nxd4 Qc7 7. Nxc6 bxc6 8. 0-0 e5 9. Be3 d6 10. f4 Be7 11. fxe5 dxe5 0-1

[Event "LSS RN-2010-0-00324"]
[Site "LSS email"]
[Date "2010.10.08"]
[Round "?"]
[White "Venturas, Bob"]
[Black "Allwardt, David Lawrence"]
[Result "0-1"]
[WhiteElo "634"]
[BlackElo "915"]
[PlyCount "64"]
[EventDate "2010.09.26"]
[EventType "tourn (corr)"]
[EventRounds "6"]
[EventCountry "GER"]
[SourceTitle "Telechess CBM 143"]
[Source "ChessBase"]
[SourceDate "2011.07.15"]
[SourceVersion "1"]
[SourceVersionDate "2011.07.15"]
[SourceQuality "1"]

1. e4 c5 2. Nf3 d6 3. h3 Nf6 4. Nc3 e5 5. Bc4 Be7 6. a3 0-0 7. d3 Nbd7 8. Bd2 Nb6 9. Ba2 a5 10. 0-0 a4 11. Ne2 Nh5 12. Ng3 Nxg3 13. fxg3 Be6 14. c4 f5 15. exf5 Bxf5 16. Bb1 Qe8 17. Nh2 Qg6 18. g4 Bxd3 19. Rxf8+ Bxf8 20. Nf3 Bxb1 21. Rxb1 Nxc4 22. Nh4 Qe4 23. Nf3 Nxd2 24. Nxd2 Qd4+ 25. Kh1 d5 26. Nf3 Qxd1+ 27. Rxd1 e4 28. Ng1 d4 29. Ne2 d3 30. Nc3 Re8 31. Nxa4 e3 32. Rxd3 e2 0-1

[Event "LSS RF-2010-0-00059"]
[Site "LSS email"]
[Date "2010.10.07"]
[Round "?"]
[White "Tassinati, Mirco"]
[Black "Allwardt, David Lawrence"]
[Result "1-0"]
[WhiteElo "560"]
[BlackElo "808"]
[PlyCount "28"]
[EventDate "2010.08.24"]
[EventType "tourn (corr)"]
[EventRounds "6"]
[EventCountry "GER"]
[SourceTitle "Corr 2015"]
[Source "ChessBase"]
[SourceDate "2015.07.17"]
[SourceVersion "1"]
[SourceVersionDate "2015.07.17"]
[SourceQuality "1"]

1. e4 e5 2. Nf3 Nc6 3. Nc3 Nf6 4. Bb5 Bb4 5. a3 Bxc3 6. dxc3 0-0 7. 0-0 Nxe4 8. Bxc6 bxc6 9. Nxe5 Re8 10. Ng4 d5 11. f3 Bxg4 12. fxg4 Re6 13. g5 Qe7 14. Rf5 Nxc3 1-0

[Event "SN-2010-0-00258"]
[Site "LSS email"]
[Date "2010.07.09"]
[Round "?"]
[White "Baznik Wilson, Anthony J"]
[Black "Allwardt, David Lawrence"]
[Result "1/2-1/2"]
[WhiteElo "919"]
[BlackElo "897"]
[PlyCount "53"]
[EventDate "2010.06.22"]
[EventType "tourn (corr)"]
[EventRounds "6"]
[EventCountry "GER"]
[SourceTitle "Telechess CBM 143"]
[Source "ChessBase"]
[SourceDate "2011.07.15"]
[SourceVersion "1"]
[SourceVersionDate "2011.07.15"]
[SourceQuality "1"]

1. e4 Nc6 2. d4 d5 3. e5 Bf5 4. Bb5 Qd7 5. Ne2 e6 6. 0-0 Be7 7. Nbc3 a6 8. Bd3 Bxd3 9. Qxd3 0-0-0 10. Qg3 g6 11. Bf4 Kb8 12. a4 f6 13. Qd3 g5 14. exf6 Bxf6 15. Be3 e5 16. f3 g4 17. fxg4 Qxg4 18. dxe5 Nxe5 19. Qf5 d4 20. Nxd4 Rxd4 21. Bxd4 Qxd4+ 22. Kh1 Ng6 23. Rad1 Qh4 24. Rde1 Bd8 25. g3 Qh6 26. Qe6 N8e7 27. Ne4 1/2-1/2

[Event "SN-2010-0-00258"]
[Site "LSS email"]
[Date "2010.07.09"]
[Round "?"]
[White "Wallerstorfer, Josef"]
[Black "Allwardt, David Lawrence"]
[Result "1-0"]
[WhiteElo "792"]
[BlackElo "808"]
[PlyCount "37"]
[EventDate "2010.06.22"]
[EventType "tourn (corr)"]
[EventRounds "6"]
[EventCountry "GER"]
[SourceTitle "Telechess CBM 143"]
[Source "ChessBase"]
[SourceDate "2011.07.15"]
[SourceVersion "1"]
[SourceVersionDate "2011.07.15"]
[SourceQuality "1"]

1. e4 Nc6 2. Nf3 e6 3. d4 Nf6 4. Nbd2 d5 5. e5 Ne4 6. Nxe4 dxe4 7. Ng5 Qxd4 8. Qxd4 Nxd4 9. Kd1 Bd7 10. Nxe4 Bc6 11. Ng3 0-0-0 12. Bd2 Be7 13. c3 Nf3 14. Be2 Nxd2 15. Ke1 Bxg2 16. Rg1 Bc6 17. Rd1 Nf3+ 18. Bxf3 Bxf3 19. Rb1 1-0

[Event "ZN-2010-0-01089"]
[Site "LSS email"]
[Date "2010.07.08"]
[Round "?"]
[White "Wallerstorfer, Josef"]
[Black "Allwardt, David Lawrence"]
[Result "1-0"]
[WhiteElo "792"]
[BlackElo "808"]
[PlyCount "55"]
[EventDate "2010.06.29"]
[EventType "match (corr)"]
[EventRounds "2"]
[EventCountry "GER"]
[SourceTitle "Telechess CBM 143"]
[Source "ChessBase"]
[SourceDate "2011.07.15"]
[SourceVersion "1"]
[SourceVersionDate "2011.07.15"]
[SourceQuality "1"]

1. e4 Nc6 2. d4 d5 3. e5 Bf5 4. a3 e6 5. h3 Qh4 6. Be3 Qe4 7. c3 Qc2 8. Qxc2 Bxc2 9. Nd2 0-0-0 10. Ngf3 Be7 11. Rc1 Bg6 12. Bb5 a6 13. Bxc6 bxc6 14. c4 Kb8 15. cxd5 cxd5 16. 0-0 Bd3 17. Rfe1 h6 18. Nb3 Rc8 19. Na5 Bf8 20. Rc6 Ne7 21. Rc3 Bb5 22. Rb3 Ka8 23. Rc1 g5 24. Rbc3 Kb8 25. Nh2 Bg7 26. b3 f6 27. exf6 Bxf6 28. Ng4 1-0

[Event "ZN-2010-0-01055"]
[Site "LSS email"]
[Date "2010.06.05"]
[Round "?"]
[White "Allwardt, David Lawrence"]
[Black "Galvein, Prospero"]
[Result "1-0"]
[WhiteElo "874"]
[BlackElo "522"]
[PlyCount "83"]
[EventDate "2010.05.21"]
[EventType "match (corr)"]
[EventRounds "2"]
[EventCountry "GER"]
[SourceTitle "Telechess CBM 141"]
[Source "ChessBase"]
[SourceDate "2011.03.17"]
[SourceVersion "1"]
[SourceVersionDate "2011.03.17"]
[SourceQuality "1"]

1. e4 e5 2. Nf3 Nc6 3. Bb5 Nf6 4. Nc3 a6 5. Bxc6 dxc6 6. 0-0 Bc5 7. Nxe5 Qd6 8. Nf3 0-0 9. d3 Bg4 10. h3 Bxf3 11. Qxf3 Qe5 12. Bf4 Qd4 13. Bxc7 g6 14. Ne2 Qd7 15. Be5 Nh5 16. d4 Bd6 17. Bxd6 Qxd6 18. Rad1 f5 19. Qb3+ Kh8 20. d5 fxe4 21. Qxb7 Qf6 22. d6 Rab8 23. Qxc6 Nf4 24. Nxf4 Qxf4 25. Qc3+ Kg8 26. Qd4 Rbd8 27. c4 Rf6 28. c5 h5 29. Qc4+ Kh7 30. Qxa6 h4 31. Qc4 g5 32. a4 g4 33. Rd4 gxh3 34. Rxe4 Qxd6 35. cxd6 hxg2 36. Rxh4+ Rh6 37. Qe4+ Kg7 38. Qxg2+ Kh7 39. Rxh6+ Kxh6 40. Qg3 Kh7 41. Kg2 Rb8 42. Rh1# 1-0

[Event "ZN-2010-0-01055"]
[Site "LSS email"]
[Date "2010.06.05"]
[Round "?"]
[White "Galvein, Prospero"]
[Black "Allwardt, David Lawrence"]
[Result "0-1"]
[WhiteElo "442"]
[BlackElo "873"]
[PlyCount "50"]
[EventDate "2010.05.21"]
[EventType "match (corr)"]
[EventRounds "2"]
[EventCountry "GER"]
[SourceTitle "Telechess CBM 141"]
[Source "ChessBase"]
[SourceDate "2011.03.17"]
[SourceVersion "1"]
[SourceVersionDate "2011.03.17"]
[SourceQuality "1"]

1. e4 c5 2. Nc3 Nc6 3. Bc4 e6 4. d3 Be7 5. Nf3 Nf6 6. Ng5 0-0 7. 0-0 d5 8. exd5 exd5 9. Bb5 Ne5 10. f4 Nc6 11. d4 Nxd4 12. b3 Nxb5 13. a4 Nxc3 14. Qd3 Nce4 15. Qh3 Bxh3 16. Nxh3 Ng4 17. f5 Qb6 18. Bg5 c4+ 19. Kh1 Bxg5 20. Rae1 Qd6 21. g3 Nxg3+ 22. hxg3 Qxg3 23. Re2 Qxh3+ 24. Kg1 Be3+ 25. Ref2 Qh2# 0-1

[Event "LSS No Engine Cup 21 Preliminary 7"]
[Site "LSS email"]
[Date "2010.05.03"]
[Round "?"]
[White "Allwardt, David Lawrence"]
[Black "Uifelean, Andrei"]
[Result "0-1"]
[WhiteElo "808"]
[BlackElo "1892"]
[PlyCount "32"]
[EventDate "2010.05.04"]
[EventType "tourn (corr)"]
[EventRounds "6"]
[EventCountry "GER"]
[SourceTitle "Corr 2015"]
[Source "ChessBase"]
[SourceDate "2015.07.17"]
[SourceVersion "1"]
[SourceVersionDate "2015.07.17"]
[SourceQuality "1"]

1. e4 e5 2. Nf3 Nc6 3. Bb5 Nf6 4. 0-0 Bc5 5. c3 0-0 6. b4 Bb6 7. d3 d5 8. Bxc6 bxc6 9. Nxe5 Re8 10. Nxc6 Qd7 11. Qa4 Bb7 12. b5 a6 13. exd5 axb5 14. Qxb5 Ba6 15. Qb4 Nxd5 16. Qa4 Bxd3 0-1

[Event "LSS BI-2010-P-00034"]
[Site "LSS email"]
[Date "2010.04.19"]
[Round "?"]
[White "Allwardt, David Lawrence"]
[Black "Nita, Catalin"]
[Result "0-1"]
[WhiteElo "872"]
[BlackElo "1418"]
[PlyCount "56"]
[EventDate "2010.04.22"]
[EventType "tourn (corr)"]
[EventRounds "10"]
[EventCountry "GER"]
[SourceTitle "Telechess CBM 141"]
[Source "ChessBase"]
[SourceDate "2011.03.17"]
[SourceVersion "1"]
[SourceVersionDate "2011.03.17"]
[SourceQuality "1"]

1. e4 c5 2. Nf3 Nc6 3. d4 cxd4 4. Nxd4 Nf6 5. Nc3 e5 6. Nxc6 bxc6 7. Bc4 d6 8. 0-0 Be7 9. Be3 0-0 10. Qe2 Rb8 11. b3 d5 12. exd5 cxd5 13. Rad1 Bg4 14. f3 Be6 15. Bf2 Rb6 16. Bb5 Qc7 17. Bxb6 axb6 18. Na4 Bd6 19. g3 e4 20. Rc1 Bh3 21. Rfd1 Bxg3 22. Rd4 Be5 23. Rb4 Qe7 24. c3 Nh5 25. Rd1 Nf4 26. Qe3 Qg5+ 27. Kf2 Qg2+ 28. Ke1 Qxh2 0-1

[Event "LSS BI-2010-P-00034"]
[Site "LSS email"]
[Date "2010.04.19"]
[Round "?"]
[White "Hartl, Hermann"]
[Black "Allwardt, David Lawrence"]
[Result "1-0"]
[WhiteElo "2510"]
[BlackElo "861"]
[PlyCount "55"]
[EventDate "2010.04.22"]
[EventType "tourn (corr)"]
[EventRounds "10"]
[EventCountry "GER"]
[SourceTitle "Telechess CBM 141"]
[Source "ChessBase"]
[SourceDate "2011.03.17"]
[SourceVersion "1"]
[SourceVersionDate "2011.03.17"]
[SourceQuality "1"]

1. e4 c5 2. c3 Nf6 3. e5 Nd5 4. Nf3 e6 5. d4 cxd4 6. cxd4 Bb4+ 7. Bd2 Bxd2+ 8. Nbxd2 0-0 9. Nc4 Qe7 10. Nd6 Nc6 11. Bc4 f6 12. Bxd5 exd5 13. 0-0 fxe5 14. dxe5 Nxe5 15. Qxd5+ Nf7 16. Nxc8 Raxc8 17. Qxb7 Ra8 18. b3 Nd6 19. Qd5+ Kh8 20. Rfe1 Qf6 21. Rad1 Nf5 22. Ne5 Ne7 23. Qc5 Rac8 24. Nxd7 Rxc5 25. Nxf6 gxf6 26. Rxe7 Rfc8 27. Rxa7 Rc1 28. Rf1 1-0

[Event "LSS BI-2010-P-00034"]
[Site "LSS email"]
[Date "2010.04.19"]
[Round "?"]
[White "Wittal, Werner"]
[Black "Allwardt, David Lawrence"]
[Result "1-0"]
[WhiteElo "1950"]
[BlackElo "868"]
[PlyCount "39"]
[EventDate "2010.04.22"]
[EventType "tourn (corr)"]
[EventRounds "10"]
[EventCountry "GER"]
[SourceTitle "Telechess CBM 141"]
[Source "ChessBase"]
[SourceDate "2011.03.17"]
[SourceVersion "1"]
[SourceVersionDate "2011.03.17"]
[SourceQuality "1"]

1. e4 c5 2. Nf3 d6 3. d4 cxd4 4. Nxd4 Nf6 5. Nc3 e5 6. Bb5+ Bd7 7. Bxd7+ Qxd7 8. Nb3 Be7 9. 0-0 0-0 10. Qe2 Nc6 11. Be3 a6 12. Rad1 b5 13. f3 Rab8 14. Rd2 b4 15. Nd5 Nxd5 16. exd5 Nd4 17. Nxd4 exd4 18. Bxd4 Bg5 19. f4 Bf6 20. Bxf6 1-0

[Event "LSS SN-2010-0-00240"]
[Site "LSS email"]
[Date "2010.04.15"]
[Round "?"]
[White "Allwardt, David Lawrence"]
[Black "Brough, Carl"]
[Result "1-0"]
[WhiteElo "867"]
[BlackElo "655"]
[PlyCount "59"]
[EventDate "2010.04.03"]
[EventType "tourn (corr)"]
[EventRounds "6"]
[EventCountry "GER"]
[SourceTitle "Telechess CBM 141"]
[Source "ChessBase"]
[SourceDate "2011.03.17"]
[SourceVersion "1"]
[SourceVersionDate "2011.03.17"]
[SourceQuality "1"]

1. e4 e5 2. Nf3 Nc6 3. Bb5 Bc5 4. 0-0 a6 5. Bxc6 dxc6 6. Nxe5 Qe7 7. d4 Bd6 8. Nc4 Qxe4 9. Re1 Qxe1+ 10. Qxe1+ Be6 11. Nxd6+ cxd6 12. d5 cxd5 13. Bf4 Rd8 14. Nc3 Ne7 15. Bg5 d4 16. Bxe7 Kxe7 17. Nd5+ Kd7 18. Qe4 Rhe8 19. Nb6+ Ke7 20. Qxb7+ Kf8 21. Qxa6 Bf5 22. Qc4 Re4 23. f3 Be6 24. Qc7 Re8 25. Qxd6+ Re7 26. fxe4 Bg4 27. Nd5 g6 28. Qxe7+ Kg7 29. Rf1 Be2 30. Rxf7+ 1-0

[Event "LSS SN-2009-0-00209"]
[Site "LSS email"]
[Date "2009.12.24"]
[Round "?"]
[White "Allwardt, David Lawrence"]
[Black "Hernandez Sanchez, Agustin Hector"]
[Result "1-0"]
[WhiteElo "843"]
[BlackElo "771"]
[PlyCount "55"]
[EventDate "2009.12.07"]
[EventType "tourn (corr)"]
[EventRounds "6"]
[EventCountry "GER"]
[SourceTitle "Corr 2013"]
[Source "ChessBase"]
[SourceDate "2012.11.12"]
[SourceVersion "1"]
[SourceVersionDate "2012.11.12"]
[SourceQuality "1"]
[WhiteTeam "US of America"]
[BlackTeam "US of America"]
[WhiteTeamCountry "USA"]
[BlackTeamCountry "USA"]

1. e4 c5 2. Nf3 d6 3. Bb5+ Bd7 4. Bxd7+ Nxd7 5. 0-0 Ngf6 6. d4 cxd4 7. Qxd4 g6 8. e5 Nxe5 9. Nbd2 Bg7 10. Nxe5 dxe5 11. Qxe5 0-0 12. Nb3 Nd5 13. Qe4 e6 14. c3 b6 15. Bd2 Qf6 16. Rad1 Rad8 17. f3 Rd7 18. c4 Nc7 19. Qc6 Rfd8 20. Bg5 Qxg5 21. Rxd7 Qe3+ 22. Kh1 Qf4 23. Rxd8+ Bf8 24. Nc1 Kg7 25. Nd3 Qf5 26. Qxc7 Bc5 27. Rd7 h5 28. Ne5 1-0

[Event "LSS SN-2009-0-00209"]
[Site "LSS email"]
[Date "2009.12.24"]
[Round "?"]
[White "Feng, Jason"]
[Black "Allwardt, David Lawrence"]
[Result "0-1"]
[WhiteElo "910"]
[BlackElo "851"]
[PlyCount "112"]
[EventDate "2009.12.07"]
[EventType "tourn (corr)"]
[EventRounds "6"]
[EventCountry "GER"]
[SourceTitle "Telechess CBM 141"]
[Source "ChessBase"]
[SourceDate "2011.03.17"]
[SourceVersion "1"]
[SourceVersionDate "2011.03.17"]
[SourceQuality "1"]

1. e4 c5 2. Nf3 Nc6 3. Bb5 a6 4. Bxc6 dxc6 5. 0-0 Nf6 6. Nc3 Qc7 7. h3 e5 8. d3 Be7 9. Be3 0-0 10. Qd2 b6 11. Rad1 Rd8 12. Qc1 h6 13. Nh2 b5 14. f4 exf4 15. Bxf4 Bd6 16. Bxd6 Qxd6 17. Qf4 Qxf4 18. Rxf4 Be6 19. a3 b4 20. axb4 cxb4 21. Na4 b3 22. Rc1 bxc2 23. Nc5 Nd7 24. Nxe6 fxe6 25. Rxc2 Ne5 26. Rff2 Nxd3 27. Rfd2 Nb4 28. Rxd8+ Rxd8 29. Rc1 Rd7 30. Nf3 Rd3 31. Ne5 Rd4 32. Nxc6 Rxe4 33. Nxb4 Rxb4 34. Rc6 Rxb2 35. Rxa6 Kf7 36. Kh2 Rd2 37. Ra7+ Kf6 38. Kg3 h5 39. h4 Rd3+ 40. Kh2 e5 41. Ra6+ Kf5 42. Ra4 Rd4 43. Ra3 Rxh4+ 44. Kg3 Rf4 45. Ra7 g5 46. Kh3 Re4 47. Rf7+ Kg6 48. Rf8 Re3+ 49. Kh2 e4 50. Re8 Kf5 51. Rf8+ Kg4 52. Re8 Re2 53. Re5 h4 54. Kh1 Kf4 55. Re8 Kg3 56. Re5 Re1# 0-1

[Event "LSS SN-2009-0-00209"]
[Site "LSS email"]
[Date "2009.12.22"]
[Round "?"]
[White "Allwardt, David Lawrence"]
[Black "Smith, Harry E"]
[Result "1-0"]
[WhiteElo "855"]
[BlackElo "537"]
[PlyCount "53"]
[EventDate "2009.12.07"]
[EventType "tourn (corr)"]
[EventRounds "6"]
[EventCountry "GER"]
[SourceTitle "Corr 2013"]
[Source "ChessBase"]
[SourceDate "2012.11.12"]
[SourceVersion "1"]
[SourceVersionDate "2012.11.12"]
[SourceQuality "1"]
[WhiteTeam "US of America"]
[BlackTeam "US of America"]
[WhiteTeamCountry "USA"]
[BlackTeamCountry "USA"]

1. e4 c5 2. Nf3 e6 3. Nc3 Nc6 4. Bc4 Nf6 5. e5 Nh5 6. d3 g6 7. 0-0 a6 8. g4 Nf4 9. Bxf4 Bg7 10. Ne4 0-0 11. Nxc5 Qc7 12. Qe2 Na5 13. b4 Nc6 14. a3 b5 15. Bb3 Rd8 16. Qe4 d5 17. exd6 Qa7 18. Qxc6 Bxa1 19. Rxa1 Bd7 20. Qc7 Be8 21. Nxe6 Qxc7 22. Nxc7 Ra7 23. Re1 Bc6 24. Ng5 Kg7 25. Re8 Bxe8 26. Nge6+ fxe6 27. Nxe6+ 1-0

[Event "LSS ZN-2009-0-00840"]
[Site "LSS email"]
[Date "2009.12.19"]
[Round "?"]
[White "Neoq, Lisa"]
[Black "Allwardt, David Lawrence"]
[Result "0-1"]
[WhiteElo "800"]
[BlackElo "840"]
[PlyCount "42"]
[EventDate "2009.12.14"]
[EventType "match (corr)"]
[EventRounds "2"]
[EventCountry "GER"]
[SourceTitle "Corr 2013"]
[Source "ChessBase"]
[SourceDate "2012.11.12"]
[SourceVersion "1"]
[SourceVersionDate "2012.11.12"]
[SourceQuality "1"]

1. e4 c5 2. Nf3 Nc6 3. d4 cxd4 4. Nxd4 Nxd4 5. Qxd4 Qc7 6. Nc3 e5 7. Nd5 Qb8 8. Qc3 Bd6 9. Qg3 g6 10. Bg5 h6 11. Qh4 Rh7 12. 0-0-0 b6 13. Bc4 Bb7 14. Bb3 Bc5 15. f4 a5 16. a4 Bxd5 17. Bxd5 Be3+ 18. Kb1 Ra7 19. g3 Qc7 20. Rhf1 exf4 21. Rd3 Bc5 0-1